000 00364nam a2200109Ia 4500
008 160909s9999 xx 000 0 und d
100 _aHolsopple, Jared
245 _aFusia: Future situation and impact awareness
260 _bState University of New York at Buffalo
_c2016
650 _aMASS COM
856 _uhttp://pqdtopen.proquest.com/doc/1798469073.html?FMT=ABS
999 _c304220
_d304220